000
00300 a2200109 4500
001
ART_39588
005
20260410162000.0
008
260409a
245
1
0
_a
La conciencia ecológica
100
1
_a
Grana, Roberto C.
773
0
_t
Propuestas
_g
- Año 1, Nº 1 (jun. 1995)
_w
REV28258
999
_c
31210
_d
31210